000 00200nam a22000857a 4500
008 170601b xxu||||| |||| 00| 0 eng d
100 _93189
_aDas. B
_b
245 _aMagic
260 _aNew Delhi
_bCBT
_c2004
999 _c6492
_d6492